00508 2200193 4500001002100000005001700021035002400038040001200062082001000074084001600084100002400100245007500124250001400199260003100213300002500244650001600269850001200285990001700297YOGYA00000000010359120160823150751.0 0010-081400000100250 aYOPDYOG a297.3 a297.3 Bas A aBasyir, Ahmad Azhar aAsas-asas hukum muamalat :bHukum perdata Islam /cBasyir, Ahmad Azhar a- Cet.1.- aYogyakartabUII Presc2004 a134hlm.cilus.c20cm aHukum agama aYOPDYOG a1182-KS/B.10